Fill in the blanks | BoyNextDoor | Kpop - Statistics

General Stats
  • This quiz has been taken 76 times
  • The average score is 9 of 15
Answer Stats
Hint Answer % Correct
Steppin' in, _____ stealer scene
84%
Oh, why, I don't know, swear you'll ____ it like
79%
_____ be happy_____ be joyful Please
75%
You're my ______, right? darling
69%
So sick of being _____ sober
67%
I know I ______ up what we had messed
62%
Let's ____ up all night rizz
61%
Think I have ______, ______, yeah amnesia
57%
Take me to the _____ where you go place
56%
Why should I be ______? I'm good nervous
54%
______ don't mean a thing, yeah Sunsets
54%
I, I think you _____ my life, yeah ruined
49%
You need to put on _______ earphones
33%
Don't break my ____ no more home
33%
Ready to be ______? I don't think so twenty
21%
No matching quizzes found
Score Distribution
Percent of People with Each Score
Percentile by Number Answered
Your Score History
You have not taken this quiz